000 00292nam a22001337a 4500
008 181102b xxu||||| |||| 00| 0 eng d
020 _a9781930524163
041 _aeng
080 _a710
100 _a45
101 _aART
245 _aThe Sate Of The ART
_cPlata.J.R
942 _2udc
_cBK
999 _c51759
_d51759